[Event "Dulles Cherry Blossom op"]
[Site "Dulles"]
[Date "2021.05.30"]
[Round "7"]
[White "Stukopin, Andrey"]
[Black "Burke, John M"]
[Result "0-1"]
[WhiteElo "2564"]
[BlackElo "2522"]
[PlyCount "128"]
[EventDate "2021.05.27"]
[EventType "swiss"]
[EventRounds "9"]
[EventCountry "USA"]
[SourceTitle "CBM 203 Extra"]
[Source "ChessBase"]
[SourceDate "2021.09.30"]
[SourceVersion "1"]
[SourceVersionDate "2021.09.30"]
[SourceQuality "1"]

1. e4 e5 2. Nf3 Nc6 3. Bc4 Bc5 4. d3 Nf6 5. 0-0 0-0 6. h3 d6 7. c3 a6 8. Bb3 h6 9. Re1 Re8 10. Nbd2 Be6 11. Nf1 d5 12. Bd2 Qd7 13. Bc2 Rad8 14. N3h2 Nh7 15. b4 Bb6 16. a4 a5 17. b5 Ne7 18. Qf3 Ng6 19. Rad1 f5 20. Qg3 Qf7 21. exf5 Bxf5 22. Ne3 Rf8 23. Nxf5 Qxf5 24. Nf3 Rde8 25. Be3 Nf6 26. Bxb6 cxb6 27. Re3 Re7 28. Rde1 Rfe8 29. Bb1 Nh5 30. Qg4 Qxg4 31. hxg4 Nf6 32. g5 Ng4 33. R3e2 Rc8 34. Ba2 Nf4 35. Rd2 Rxc3 36. g3 Nh3+ 37. Kg2 Nxg5 38. Bxd5+ Kf8 39. Nh4 Rd7 40. Ng6+ Ke8 41. Bf3 Nxf3 42. Kxf3 h5 43. Nxe5 Re7 44. Kf4 Ra3 45. d4 Rxa4 46. Kf5 Rb4 47. f4 Nh6+ 48. Kg6 Rb3 49. d5 Nf7 50. d6 Re6+ 51. Kxh5 Nxd6 52. Rxd6 Rxd6 53. Nc4+ Kd7 54. Nxd6 Kxd6 55. g4 Rxb5+ 56. Kg6 Rb4 57. Rf1 a4 58. g5 a3 59. f5 Ke5 60. Re1+ Re4 61. Ra1 Re3 62. Ra2 b5 63. Rf2 Rg3 64. Re2+ Kd4 0-1

[Event "Dulles Cherry Blossom op"]
[Site "Dulles"]
[Date "2021.05.30"]
[Round "5"]
[White "Stukopin, Andrey"]
[Black "Jacobson, Aaron"]
[Result "1-0"]
[WhiteElo "2564"]
[BlackElo "2301"]
[PlyCount "75"]
[EventDate "2021.05.27"]
[EventType "swiss"]
[EventRounds "9"]
[EventCountry "USA"]
[SourceTitle "CBM 208 Extra"]
[Source "ChessBase"]
[SourceDate "2022.07.31"]
[SourceVersion "1"]
[SourceVersionDate "2022.07.31"]
[SourceQuality "1"]

1. e4 e6 2. d4 d5 3. Nc3 Nf6 4. Bg5 dxe4 5. Nxe4 Be7 6. Bxf6 gxf6 7. Nf3 f5 8. Nc3 a6 9. g3 b5 10. Bg2 Bb7 11. 0-0 c5 12. a4 cxd4 13. Nxd4 Bxg2 14. Kxg2 b4 15. Qf3 Ra7 16. Nce2 0-0 17. Rfd1 Rd7 18. Rd3 Bf6 19. Rad1 Kh8 20. Nxf5 exf5 21. Rxd7 Nxd7 22. Qxf5 Bxb2 23. Rxd7 Qc8 24. Nf4 Qc6+ 25. Nd5 Kg7 26. Qg4+ Kh8 27. Qf5 Kg7 28. a5 Bc3 29. Rc7 Qd6 30. h4 Bd2 31. Qg4+ Kh6 32. Ne7 f5 33. Nxf5+ Rxf5 34. Qg7+ Kh5 35. Qxh7+ Kg4 36. Rg7+ Bg5 37. Rxg5+ Rxg5 38. f3# 1-0

[Event "Dulles Cherry Blossom op"]
[Site "Dulles"]
[Date "2021.05.30"]
[Round "6"]
[White "Theodorou, Nikolas"]
[Black "Stukopin, Andrey"]
[Result "1-0"]
[WhiteElo "2554"]
[BlackElo "2564"]
[PlyCount "77"]
[EventDate "2021.05.27"]
[EventType "swiss"]
[EventRounds "9"]
[EventCountry "USA"]
[SourceTitle "CBM 203 Extra"]
[Source "ChessBase"]
[SourceDate "2021.09.30"]
[SourceVersion "1"]
[SourceVersionDate "2021.09.30"]
[SourceQuality "1"]

1. Nf3 c5 2. g3 Nc6 3. Bg2 g6 4. 0-0 Bg7 5. c4 d6 6. d3 Nh6 7. Nc3 Nf5 8. Qd2 0-0 9. b3 Rb8 10. Bb2 a6 11. Nd5 e5 12. Ng5 Nce7 13. f4 b6 14. g4 Nxd5 15. Bxd5 Ne7 16. Nxf7 Rxf7 17. Bxf7+ Kxf7 18. fxe5+ Kg8 19. exd6 Bxb2 20. Qxb2 Qxd6 21. Rf6 Qd7 22. Rf8+ Kxf8 23. Qh8+ Ng8 24. Rf1+ Ke7 25. Rf4 Qd8 26. Qe5+ Be6 27. d4 Qc8 28. d5 Rb7 29. dxe6 Ke8 30. Qd5 Re7 31. Qf3 Qxe6 32. Rf8+ Kd7 33. Qb7+ Kd6 34. Qb8+ Rc7 35. Rd8+ Kc6 36. Qa8+ Rb7 37. Rc8+ Kd6 38. Qxb7 Qxg4+ 39. Kh1 1-0

[Event "US Class Master"]
[Site "Dulles"]
[Date "2020.11.01"]
[Round "3"]
[White "Stukopin, Andrey"]
[Black "Posthuma, Joshua G"]
[Result "1/2-1/2"]
[WhiteElo "2566"]
[BlackElo "2339"]
[PlyCount "53"]
[EventDate "2020.10.31"]
[EventType "swiss"]
[EventRounds "5"]
[EventCountry "USA"]
[SourceTitle "CBM 199 Extra"]
[Source "ChessBase"]
[SourceDate "2021.01.31"]
[SourceVersion "1"]
[SourceVersionDate "2021.01.31"]
[SourceQuality "1"]

1. e4 c6 2. d4 d5 3. exd5 cxd5 4. Bd3 Nc6 5. c3 Qc7 6. Ne2 Bg4 7. 0-0 e6 8. Qe1 Bd6 9. f3 Bf5 10. Bxf5 exf5 11. Bf4 Nge7 12. Qg3 0-0-0 13. Na3 a6 14. Bxd6 Rxd6 15. Qxg7 Rg8 16. Qxh7 Re6 17. Rae1 Qb6 18. Nf4 Qxb2 19. Nb1 Nxd4 20. cxd4 Qxd4+ 21. Kh1 Rxe1 22. Rxe1 Qxf4 23. Qxf7 Rh8 24. h3 Rxh3+ 25. gxh3 Qxf3+ 26. Kg1 Qg3+ 27. Kf1 1/2-1/2

[Event "US Class Master"]
[Site "Dulles"]
[Date "2020.11.01"]
[Round "4"]
[White "Yu, Jennifer R"]
[Black "Stukopin, Andrey"]
[Result "0-1"]
[WhiteElo "2315"]
[BlackElo "2566"]
[PlyCount "86"]
[EventDate "2020.10.31"]
[EventType "swiss"]
[EventRounds "5"]
[EventCountry "USA"]
[SourceTitle "CBM 199 Extra"]
[Source "ChessBase"]
[SourceDate "2021.01.31"]
[SourceVersion "1"]
[SourceVersionDate "2021.01.31"]
[SourceQuality "1"]

1. c4 c6 2. e4 d5 3. exd5 Nf6 4. Nc3 cxd5 5. d4 Nc6 6. Bg5 Be6 7. a3 Qd7 8. Rc1 Rd8 9. c5 Ne4 10. Be3 Nxc5 11. f3 Bf5 12. Nxd5 Qxd5 13. Rxc5 Qxc5 14. dxc5 Rxd1+ 15. Kxd1 g6 16. Bb5 Bg7 17. Kc1 0-0 18. Bxc6 bxc6 19. Ne2 Rd8 20. Ng3 Be6 21. Ne4 f5 22. Nc3 Bb3 23. Re1 Kf7 24. Nb1 a5 25. Nd2 Be6 26. Bf4 Rd5 27. Be3 Rd7 28. Bf4 Bd4 29. Be5 Bxc5 30. Bc3 a4 31. f4 Bd5 32. g3 h6 33. Kc2 g5 34. fxg5 hxg5 35. h4 Kg6 36. hxg5 Bf2 37. Re2 Bxg3 38. Bb4 e5 39. Nf1 Bf4 40. Ne3 Bb3+ 41. Kc3 e4 42. Bc5 Be5+ 43. Kb4 Rb7+ 0-1

[Event "Southwest op 85th"]
[Site "Irving"]
[Date "2019.09.02"]
[Round "8"]
[White "Hilby, Craig"]
[Black "Stukopin, Andrey"]
[Result "1/2-1/2"]
[WhiteElo "2396"]
[BlackElo "2568"]
[PlyCount "71"]
[EventDate "2019.08.29"]
[EventType "swiss"]
[EventRounds "9"]
[EventCountry "USA"]
[SourceTitle "EXT 2020"]
[Source "ChessBase"]
[SourceDate "2019.10.17"]
[SourceVersion "1"]
[SourceVersionDate "2019.10.17"]
[SourceQuality "1"]

1. e4 c5 2. Nf3 e6 3. d4 cxd4 4. Nxd4 Nc6 5. Nc3 Qc7 6. g3 a6 7. Bg2 Nf6 8. 0-0 h5 9. Nxc6 dxc6 10. e5 Qxe5 11. Re1 Qd6 12. Qf3 Qc7 13. Bf4 Bd6 14. Bxd6 Qxd6 15. Ne4 Nxe4 16. Rxe4 Qe7 17. Rd1 f6 18. Rh4 g6 19. Rhd4 Kf7 20. Qb3 Kg7 21. Bh3 a5 22. Rd6 a4 23. Qe3 Re8 24. c4 Qf7 25. Qb6 Ra6 26. Qc5 Qc7 27. Qa3 Ra5 28. c5 Ra8 29. R1d4 Qf7 30. Rxa4 Rxa4 31. Qxa4 e5 32. Bxc8 Rxc8 33. Qd1 Rc7 34. b3 Re7 35. h4 f5 36. Qd3 1/2-1/2

[Event "US Masters op"]
[Site "Greensboro"]
[Date "2019.08.25"]
[Round "8"]
[White "Stukopin, Andrey"]
[Black "Azarov, Sergei Nikolaevich"]
[Result "0-1"]
[WhiteElo "2568"]
[BlackElo "2589"]
[PlyCount "66"]
[EventDate "2019.08.21"]
[EventType "swiss"]
[EventRounds "9"]
[EventCountry "USA"]
[SourceTitle "EXT 2020"]
[Source "ChessBase"]
[SourceDate "2019.10.17"]
[SourceVersion "1"]
[SourceVersionDate "2019.10.17"]
[SourceQuality "1"]

1. Nf3 Nf6 2. g3 b6 3. Bg2 Bb7 4. 0-0 c5 5. d3 g6 6. e4 d6 7. Nh4 Nc6 8. f4 Bg7 9. Nc3 a6 10. Kh1 e6 11. f5 Nd4 12. Bg5 0-0 13. Qd2 Qc7 14. Nd1 exf5 15. exf5 Rae8 16. Ne3 h6 17. Bxf6 Bxf6 18. c3 Bg5 19. Rae1 Bxg2+ 20. Qxg2 Rxe3 21. cxd4 Rxe1 22. Rxe1 Kg7 23. Qe4 d5 24. Qg4 Qc8 25. dxc5 bxc5 26. Re5 Bf6 27. Rxd5 Qc6 28. Qe4 Re8 29. Re5 Qxe4+ 30. Rxe4 Rxe4 31. dxe4 Bxh4 32. gxh4 gxf5 33. e5 Kg6 0-1

[Event "US Masters op"]
[Site "Greensboro"]
[Date "2019.08.24"]
[Round "7"]
[White "Brodsky, David"]
[Black "Stukopin, Andrey"]
[Result "0-1"]
[WhiteElo "2428"]
[BlackElo "2568"]
[PlyCount "78"]
[EventDate "2019.08.21"]
[EventType "swiss"]
[EventRounds "9"]
[EventCountry "USA"]
[SourceTitle "CBM 206 Extra"]
[Source "ChessBase"]
[SourceDate "2022.03.31"]
[SourceVersion "1"]
[SourceVersionDate "2022.03.31"]
[SourceQuality "1"]

1. e4 c5 2. Nf3 e6 3. d4 cxd4 4. Nxd4 Nc6 5. Nc3 Qc7 6. Be3 a6 7. a3 Nf6 8. f4 d5 9. e5 Nd7 10. Qg4 b5 11. 0-0-0 Nxd4 12. Bxd4 Nb8 13. Kb1 Nc6 14. Be3 Rb8 15. Ne2 b4 16. axb4 Nxb4 17. c3 Qc4 18. Nc1 Qe4+ 19. Nd3 Qxe3 20. cxb4 g6 21. Rc1 Bd7 22. Qe2 Qd4 23. Nc5 Bxc5 24. bxc5 Bb5 25. Qc2 0-0 26. Bxb5 Rxb5 27. Qc3 Qe4+ 28. Rc2 Rfb8 29. Rd1 Qxf4 30. c6 Rc8 31. Qa3 Rb6 32. c7 Qxe5 33. Rdc1 Rb7 34. Qg3 Qxg3 35. hxg3 Kf8 36. g4 Ke7 37. g5 Kd7 38. Rf1 Rbxc7 39. Rxf7+ Kd6 0-1

[Event "Charlotte CCCSA Winter GM"]
[Site "Charlotte"]
[Date "2019.01.21"]
[Round "8"]
[White "Brown, Michael William"]
[Black "Stukopin, Andrey"]
[Result "1/2-1/2"]
[WhiteElo "2524"]
[BlackElo "2565"]
[PlyCount "59"]
[EventDate "2019.01.17"]
[EventType "tourn"]
[EventRounds "9"]
[EventCountry "USA"]
[EventCategory "9"]
[SourceTitle "CBM 188 Extra"]
[Source "ChessBase"]
[SourceDate "2019.02.26"]
[SourceVersion "1"]
[SourceVersionDate "2019.02.26"]
[SourceQuality "1"]

1. d4 d5 2. c4 c6 3. Nc3 Nf6 4. e3 e6 5. Nf3 Nbd7 6. Qc2 Bd6 7. b3 0-0 8. Bb2 b6 9. Bd3 Bb7 10. 0-0 Rc8 11. Rad1 c5 12. dxc5 Nxc5 13. cxd5 Nxd3 14. Qxd3 exd5 15. Ne2 Ne4 16. Rc1 Qd7 17. Rfd1 Rxc1 18. Rxc1 Rc8 19. Rd1 Qg4 20. h3 Qg6 21. Be5 Bxe5 22. Nxe5 Qf6 23. f4 Qe7 24. Rc1 Re8 25. Nd4 Nc5 26. Qb5 Ba6 27. Qc6 Bb7 28. Qb5 Ba6 29. Qc6 Bb7 30. Qb5 1/2-1/2

[Event "Charlotte CCCSA Winter GM"]
[Site "Charlotte"]
[Date "2019.01.19"]
[Round "5"]
[White "Stukopin, Andrey"]
[Black "Korley, Kassa"]
[Result "1-0"]
[WhiteElo "2565"]
[BlackElo "2450"]
[PlyCount "91"]
[EventDate "2019.01.17"]
[EventType "tourn"]
[EventRounds "9"]
[EventCountry "USA"]
[EventCategory "9"]
[SourceTitle "CBM 188 Extra"]
[Source "ChessBase"]
[SourceDate "2019.02.26"]
[SourceVersion "1"]
[SourceVersionDate "2019.02.26"]
[SourceQuality "1"]

1. e4 e6 2. d4 d5 3. Nc3 Nf6 4. Bg5 Bb4 5. e5 h6 6. Bc1 Ne4 7. Qg4 Kf8 8. Nge2 c5 9. a3 Ba5 10. dxc5 Nxc3 11. Nxc3 Bxc3+ 12. bxc3 Nd7 13. Qd4 Qc7 14. c4 dxc4 15. Bxc4 Nxc5 16. Be3 b6 17. 0-0 Bb7 18. Rfd1 Rc8 19. a4 Kg8 20. a5 Kh7 21. axb6 axb6 22. Bd3+ Nxd3 23. Qxd3+ g6 24. Qd4 Rhd8 25. Qh4 Rxd1+ 26. Rxd1 Qxc2 27. Qxh6+ Kg8 28. Re1 Rd8 29. h3 Rd1 30. Rxd1 Qxd1+ 31. Kh2 Qh5 32. Qf4 Qf5 33. Qg3 Qd3 34. Qh4 Qe4 35. Qd8+ Kh7 36. Qg5 Qf5 37. Qg3 b5 38. Bg5 Qe4 39. f3 Qd4 40. Bf6 b4 41. h4 Qe3 42. Bg5 Qd3 43. Qf4 Qf5 44. Qd4 Bd5 45. Bf6 Bxf3 46. Qd8 1-0

[Event "Charlotte CCCSA Winter GM"]
[Site "Charlotte"]
[Date "2019.01.17"]
[Round "1"]
[White "Stukopin, Andrey"]
[Black "Gauri, Shankar"]
[Result "1/2-1/2"]
[WhiteElo "2565"]
[BlackElo "2359"]
[PlyCount "66"]
[EventDate "2019.01.17"]
[EventType "tourn"]
[EventRounds "9"]
[EventCountry "USA"]
[EventCategory "9"]
[SourceTitle "CBM 188 Extra"]
[Source "ChessBase"]
[SourceDate "2019.02.26"]
[SourceVersion "1"]
[SourceVersionDate "2019.02.26"]
[SourceQuality "1"]

1. e4 e5 2. Nf3 Nc6 3. Bc4 Nf6 4. d3 Bc5 5. 0-0 d6 6. c3 h6 7. a4 a5 8. Re1 0-0 9. Nbd2 Be6 10. h3 Qb8 11. Nh4 Ne7 12. Qf3 c6 13. Ba2 Nh7 14. Nf1 Qc8 15. Ng3 Bxa2 16. Rxa2 Qe6 17. Ra1 Qf6 18. Nhf5 Nxf5 19. exf5 Qd8 20. Nh5 Kh8 21. d4 exd4 22. f6 Nxf6 23. Bxh6 Nxh5 24. Qxh5 Kg8 25. Re4 f5 26. Re6 Rf6 27. Rae1 Qf8 28. Re8 Rxh6 29. Rxf8+ Rxf8 30. Qg5 dxc3 31. Re7 Bd4 32. Rxb7 cxb2 33. Qd2 c5 1/2-1/2

[Event "Bay Area op"]
[Site "Burlingame"]
[Date "2019.01.07"]
[Round "9.1"]
[White "Stukopin, Andrey"]
[Black "Cordova, Emilio"]
[Result "1-0"]
[WhiteElo "2565"]
[BlackElo "2598"]
[PlyCount "75"]
[EventDate "2019.01.01"]
[EventType "swiss"]
[EventRounds "9"]
[EventCountry "USA"]
[SourceTitle "CBM 206 Extra"]
[Source "ChessBase"]
[SourceDate "2022.03.31"]
[SourceVersion "1"]
[SourceVersionDate "2022.03.31"]
[SourceQuality "1"]

1. e4 c5 2. Nf3 Nc6 3. Nc3 Nf6 4. Bb5 g6 5. 0-0 Bg7 6. Re1 0-0 7. e5 Ng4 8. Bxc6 dxc6 9. d3 Nh6 10. h3 Nf5 11. Ne4 b6 12. Bf4 Nd4 13. a4 a5 14. Ned2 h6 15. Nc4 Ra7 16. Nxd4 cxd4 17. Qf3 b5 18. Nd2 Be6 19. Qxc6 g5 20. Bg3 Rc7 21. Qxb5 Rxc2 22. Nf3 Qa8 23. Nxd4 Rb8 24. Nxc2 Rxb5 25. axb5 Qd8 26. Ra3 a4 27. Rxa4 Bb3 28. Rb4 Qxd3 29. b6 Bd5 30. Ne3 Bb7 31. Rd1 Qe2 32. Kh2 h5 33. h4 gxh4 34. Rxh4 Bh6 35. Rd8+ Kh7 36. Nd5 Bxd5 37. Rxd5 Qxb2 38. e6 1-0

[Event "Bay Area op"]
[Site "Burlingame"]
[Date "2019.01.05"]
[Round "6"]
[White "Boros, Denes"]
[Black "Stukopin, Andrey"]
[Result "0-1"]
[WhiteElo "2442"]
[BlackElo "2565"]
[PlyCount "90"]
[EventDate "2019.01.01"]
[EventType "swiss"]
[EventRounds "9"]
[EventCountry "USA"]
[SourceTitle "CBM 188 Extra"]
[Source "ChessBase"]
[SourceDate "2019.02.26"]
[SourceVersion "1"]
[SourceVersionDate "2019.02.26"]
[SourceQuality "1"]

1. d4 Nf6 2. c4 e6 3. Nf3 d5 4. g3 Bb4+ 5. Bd2 Be7 6. Bg2 c6 7. Qc2 Nbd7 8. a4 a5 9. 0-0 0-0 10. Rc1 Ne4 11. Be1 f5 12. e3 Kh8 13. Nbd2 Bd6 14. Qd1 Qe7 15. Nb3 Bc7 16. Nfd2 Ndf6 17. Nf3 g5 18. Ne5 g4 19. Nd2 Ng5 20. Rab1 Bd7 21. Qb3 Rfb8 22. Qc2 Nf7 23. f4 gxf3 24. Ndxf3 Ng4 25. Nxd7 Qxd7 26. Qe2 Bd6 27. Bc3 Qe7 28. Bh3 Rg8 29. Bxg4 Rxg4 30. Kh1 Ng5 31. cxd5 exd5 32. Ne5 Bxe5 33. dxe5 Ne4 34. Rf1 Rxg3 35. Rxf5 Rag8 36. e6+ Nxc3 37. bxc3 Qxe6 38. Qd3 R3g7 39. Rf4 Qh3 40. Qd2 c5 41. Qxd5 Qxe3 42. Rff1 Rg5 43. Rbe1 Qxc3 44. Qxb7 Qd2 45. Qf3 Rf5 0-1

[Event "Bay Area op"]
[Site "Burlingame"]
[Date "2019.01.05"]
[Round "7"]
[White "Stukopin, Andrey"]
[Black "Bai, Jinshi"]
[Result "1/2-1/2"]
[WhiteElo "2565"]
[BlackElo "2572"]
[PlyCount "64"]
[EventDate "2019.01.01"]
[EventType "swiss"]
[EventRounds "9"]
[EventCountry "USA"]
[SourceTitle "CBM 188 Extra"]
[Source "ChessBase"]
[SourceDate "2019.02.26"]
[SourceVersion "1"]
[SourceVersionDate "2019.02.26"]
[SourceQuality "1"]

1. e4 e5 2. Bc4 Nf6 3. d3 c6 4. Nf3 d5 5. Bb3 Bb4+ 6. Bd2 Bxd2+ 7. Qxd2 0-0 8. Nxe5 Qe7 9. f4 dxe4 10. d4 Be6 11. 0-0 Bxb3 12. axb3 c5 13. d5 Rd8 14. c4 Nc6 15. Nc3 Nxe5 16. fxe5 Qxe5 17. Qf4 Qd4+ 18. Kh1 e3 19. Rad1 Qxf4 20. Rxf4 Rd6 21. Ne4 Rb6 22. Nxf6+ gxf6 23. Rd3 Re8 24. Rf1 a5 25. Re1 e2 26. Kg1 a4 27. Kf2 axb3 28. Rxe2 Rd8 29. Rg3+ Kf8 30. Rh3 Rb4 31. Rxh7 Kg8 32. Rh3 Rxc4 1/2-1/2

[Event "Bay Area op"]
[Site "Burlingame"]
[Date "2019.01.04"]
[Round "5"]
[White "Balakrishnan, Praveen"]
[Black "Stukopin, Andrey"]
[Result "1/2-1/2"]
[WhiteElo "2418"]
[BlackElo "2565"]
[PlyCount "165"]
[EventDate "2019.01.01"]
[EventType "swiss"]
[EventRounds "9"]
[EventCountry "USA"]
[SourceTitle "CBM 188 Extra"]
[Source "ChessBase"]
[SourceDate "2019.02.26"]
[SourceVersion "1"]
[SourceVersionDate "2019.02.26"]
[SourceQuality "1"]

1. e4 c5 2. Nf3 e6 3. d4 cxd4 4. Nxd4 Nc6 5. Nc3 Qc7 6. Be3 a6 7. Qd2 Nf6 8. 0-0-0 Bb4 9. f3 Ne7 10. Nde2 b5 11. Kb1 Ba5 12. Bf4 e5 13. Bg5 b4 14. Na4 b3 15. Nec3 bxa2+ 16. Kxa2 Bb4 17. Kb1 Rb8 18. Bxf6 gxf6 19. Nd5 Nxd5 20. Qxd5 Bb7 21. Qa2 Bc6 22. Bc4 0-0 23. Bb3 Rb5 24. g4 Ra5 25. g5 Kh8 26. gxf6 Rg8 27. Rhg1 Rxg1 28. Rxg1 Qa7 29. Rd1 Qb8 30. Kc1 Qd8 31. c3 Bf8 32. Bc2 Qxf6 33. Qc4 Qxf3 34. Rf1 Bb5 35. Rxf3 Bxc4 36. b3 Bh6+ 37. Kd1 Be6 38. Rd3 Rb5 39. Rd6 a5 40. c4 Rb8 41. Bd3 Rg8 42. Bf1 Be3 43. Nc3 Rg1 44. Ke2 Bd4 45. Nb5 Bc5 46. Rd3 Rg4 47. Nc3 Rf4 48. Bh3 Bd4 49. Bxe6 fxe6 50. Rh3 Bxc3 51. Rxc3 Rxe4+ 52. Kf2 Rf4+ 53. Kg2 Kg7 54. c5 Rf8 55. Rd3 Rd8 56. Kf3 Kf6 57. Ke4 Ke7 58. Rh3 Rc8 59. Rxh7+ Kf6 60. Rxd7 Rxc5 61. Rd3 Rb5 62. Rf3+ Ke7 63. Rd3 Kf7 64. Rf3+ Ke7 65. Rd3 Rc5 66. h4 Rb5 67. Rh3 Kd6 68. Rd3+ Ke7 69. Rh3 Kf6 70. Rf3+ Kg6 71. Rg3+ Kh5 72. Rg5+ Kxh4 73. Rxe5 Rb4+ 74. Kd3 Rxb3+ 75. Kd2 Rb2+ 76. Kd3 Rb3+ 77. Kd2 Rb6 78. Rxa5 Kg4 79. Ke3 Rb1 80. Re5 Rf1 81. Ke2 Rf6 82. Ke3 Rf3+ 83. Ke4 1/2-1/2

[Event "Bay Area op"]
[Site "Burlingame"]
[Date "2019.01.03"]
[Round "3"]
[White "Stukopin, Andrey"]
[Black "Bruzon Batista, Lazaro"]
[Result "1/2-1/2"]
[WhiteElo "2565"]
[BlackElo "2664"]
[PlyCount "161"]
[EventDate "2019.01.01"]
[EventType "swiss"]
[EventRounds "9"]
[EventCountry "USA"]
[SourceTitle "CBM 188 Extra"]
[Source "ChessBase"]
[SourceDate "2019.02.26"]
[SourceVersion "1"]
[SourceVersionDate "2019.02.26"]
[SourceQuality "1"]

1. e4 c5 2. Nf3 d6 3. d4 cxd4 4. Qxd4 Nc6 5. Bb5 Bd7 6. Qd3 Nf6 7. c4 g6 8. Nc3 Bg7 9. h3 Nb4 10. Qe2 a6 11. Bxd7+ Nxd7 12. 0-0 Bxc3 13. bxc3 Nc6 14. Rb1 Qc7 15. Bh6 Rc8 16. Ng5 Nd8 17. Rb4 a5 18. Rb5 f6 19. Nf3 Qxc4 20. Qxc4 Rxc4 21. Rxa5 Rxe4 22. Nd2 Re5 23. Ra8 Nb6 24. Ra7 Kf7 25. Be3 Nd5 26. Nc4 Re4 27. Bd4 Ke6 28. Nd2 Re2 29. Rd1 Nc6 30. Rxb7 Nxd4 31. cxd4 Ra8 32. Kf1 Nc3 33. Nb1 Nxb1 34. Rbxb1 Raxa2 35. Re1 Rxe1+ 36. Rxe1+ Kf7 37. Rd1 g5 38. d5 h5 39. g3 Ra4 40. Rd3 f5 41. Rd2 Kf6 42. f3 f4 43. gxf4 Rxf4 44. Kg2 Kf7 45. Rd3 Ke8 46. Kg3 Kd7 47. Rd2 Rf5 48. Rd4 Kc7 49. h4 Kb6 50. Re4 gxh4+ 51. Kxh4 Rxf3 52. Kxh5 Kc5 53. Rxe7 Kxd5 54. Kg4 Rf8 55. Re1 Rf6 56. Rd1+ Kc6 57. Rc1+ Kd7 58. Rd1 Rf8 59. Kg3 Kc6 60. Rc1+ Kb5 61. Rb1+ Kc4 62. Rc1+ Kb3 63. Rd1 Rf6 64. Kg4 Kc2 65. Kg5 Re6 66. Rd5 Kc3 67. Kf5 Rh6 68. Rd1 Kc4 69. Kg5 Re6 70. Kf5 Re5+ 71. Kf4 Rd5 72. Rc1+ Kb5 73. Ke3 Rc5 74. Rb1+ Kc4 75. Rc1+ Kd5 76. Rh1 Rc3+ 77. Kd2 Rg3 78. Rh5+ Kc4 79. Rh4+ Kc5 80. Kc2 d5 81. Kd2 1/2-1/2

[Event "Bay Area op"]
[Site "Burlingame"]
[Date "2019.01.03"]
[Round "4"]
[White "Stukopin, Andrey"]
[Black "Sevian, Samuel"]
[Result "1/2-1/2"]
[WhiteElo "2565"]
[BlackElo "2647"]
[PlyCount "63"]
[EventDate "2019.01.01"]
[EventType "swiss"]
[EventRounds "9"]
[EventCountry "USA"]
[SourceTitle "CBM 188 Extra"]
[Source "ChessBase"]
[SourceDate "2019.02.26"]
[SourceVersion "1"]
[SourceVersionDate "2019.02.26"]
[SourceQuality "1"]

1. e4 e5 2. Nf3 Nc6 3. Nc3 Nf6 4. Bb5 Bb4 5. 0-0 0-0 6. d3 d6 7. Ne2 Ne7 8. c3 Ba5 9. Ng3 c6 10. Ba4 Ng6 11. d4 Re8 12. Bc2 d5 13. Bg5 exd4 14. Qxd4 Bb6 15. Bxf6 Qd6 16. Qd3 Qxf6 17. exd5 Bg4 18. Nd4 cxd5 19. Rae1 Bd7 20. Ngf5 Rxe1 21. Rxe1 Re8 22. Rxe8+ Bxe8 23. Ne3 Bc6 24. g3 Nf8 25. b4 a6 26. a4 Bxd4 27. cxd4 Qd6 28. b5 axb5 29. axb5 Bd7 30. Bb3 Be6 31. f4 g6 32. Qc3 1/2-1/2

[Event "US Masters op"]
[Site "Greensboro"]
[Date "2018.08.19"]
[Round "5"]
[White "Niemann, Hans Moke"]
[Black "Stukopin, Andrey"]
[Result "1-0"]
[WhiteElo "2329"]
[BlackElo "2598"]
[PlyCount "57"]
[EventDate "2018.08.17"]
[EventType "swiss"]
[EventRounds "9"]
[EventCountry "USA"]
[SourceTitle "CBM 186 Extra"]
[Source "ChessBase"]
[SourceDate "2018.08.24"]
[SourceVersion "1"]
[SourceVersionDate "2018.08.24"]
[SourceQuality "1"]

1. d4 d5 2. c4 c6 3. Nf3 Nf6 4. Nc3 e6 5. e3 Nbd7 6. Qc2 Bd6 7. Bd3 0-0 8. 0-0 h6 9. h3 Re8 10. Rd1 dxc4 11. Bxc4 b5 12. Be2 Qc7 13. e4 e5 14. Be3 Bb7 15. Rac1 a6 16. Nd5 Nxd5 17. exd5 Rac8 18. dxe5 Nxe5 19. Nxe5 Bxe5 20. Bg4 Rcd8 21. dxc6 Rxd1+ 22. Qxd1 Bxc6 23. Qc2 h5 24. Bf5 Rd8 25. Kf1 Bd7 26. Bh7+ Kh8 27. Qe2 Kxh7 28. Rxc7 Bxc7 29. Qc2+ 1-0

[Event "Washington op 7th"]
[Site "Rockville"]
[Date "2018.08.11"]
[Round "2"]
[White "Vazquez, Guillermo"]
[Black "Stukopin, Andrey"]
[Result "1/2-1/2"]
[WhiteElo "2443"]
[BlackElo "2598"]
[PlyCount "29"]
[EventDate "2018.08.11"]
[EventType "swiss"]
[EventRounds "9"]
[EventCountry "USA"]
[SourceTitle "CBM 186 Extra"]
[Source "ChessBase"]
[SourceDate "2018.08.24"]
[SourceVersion "1"]
[SourceVersionDate "2018.08.24"]
[SourceQuality "1"]

1. d4 d5 2. c4 c6 3. Nf3 Nf6 4. e3 e6 5. b3 Ne4 6. Bd3 f5 7. 0-0 Bd6 8. Bb2 Nd7 9. Nbd2 b6 10. cxd5 cxd5 11. Ne5 0-0 12. Rc1 Nxe5 13. dxe5 Bc5 14. Nf3 a5 15. Nd4 1/2-1/2

[Event "US Open-119"]
[Site "Middleton"]
[Date "2018.08.03"]
[Round "7"]
[White "Stukopin, Andrey"]
[Black "Huang, Andy"]
[Result "1-0"]
[WhiteElo "2598"]
[BlackElo "2122"]
[PlyCount "77"]
[EventDate "2018.07.28"]
[EventType "swiss"]
[EventRounds "9"]
[EventCountry "USA"]
[SourceTitle "CBM 185 Extra"]
[Source "ChessBase"]
[SourceDate "2018.07.29"]
[SourceVersion "1"]
[SourceVersionDate "2018.07.29"]
[SourceQuality "1"]

1. Nf3 Nf6 2. g3 d5 3. Bg2 c6 4. 0-0 Bg4 5. c4 e6 6. h3 Bh5 7. cxd5 cxd5 8. Qb3 Bxf3 9. Bxf3 Qd7 10. d4 Nc6 11. Rd1 Be7 12. Nc3 0-0 13. Bf4 Rac8 14. Qa4 Rfd8 15. Rac1 Qe8 16. Qb5 Qd7 17. e4 dxe4 18. Nxe4 Nxe4 19. Bxe4 a6 20. Qa4 Bf6 21. d5 exd5 22. Rxd5 Qe6 23. Rxd8+ Bxd8 24. Kg2 Bf6 25. Re1 g6 26. Qd1 Rd8 27. Qb1 Qd7 28. h4 Nd4 29. Rd1 Qe7 30. Be3 Kg7 31. h5 Nc6 32. h6+ Kg8 33. Rxd8+ Qxd8 34. b4 Qe7 35. Bc5 Qe6 36. Qd3 Bg5 37. a4 Ne5 38. Qd4 Bxh6 39. Qd8+ 1-0

[Event "Voronezh op-A 22nd"]
[Site "Voronezh"]
[Date "2018.06.19"]
[Round "7"]
[White "Stukopin, Andrey"]
[Black "Maghsoodloo, Parham"]
[Result "1/2-1/2"]
[WhiteElo "2589"]
[BlackElo "2638"]
[PlyCount "43"]
[EventDate "2018.06.12"]
[EventType "swiss"]
[EventRounds "9"]
[EventCountry "RUS"]
[SourceTitle "CBM 185 Extra"]
[Source "ChessBase"]
[SourceDate "2018.07.29"]
[SourceVersion "1"]
[SourceVersionDate "2018.07.29"]
[SourceQuality "1"]

1. e4 c5 2. Nf3 d6 3. Bb5+ Nc6 4. 0-0 Nf6 5. e5 dxe5 6. Nxe5 Bd7 7. Bxc6 Bxc6 8. Nxc6 bxc6 9. d3 e6 10. Nd2 Be7 11. Qf3 Qd5 12. Ne4 c4 13. Bh6 Nxe4 14. dxe4 Qe5 15. Bf4 Qxb2 16. Rab1 Qa3 17. Rb7 0-0 18. Qe2 c3 19. Bc1 Qc5 20. Be3 Qa3 21. Bc1 Qc5 22. Be3 1/2-1/2